header

The art of the pose (Record no. 208631)

MARC details
000 -LEADER
fixed length control field 01588nam a2200397Ia 4500
082 04 - DEWEY DECIMAL CLASSIFICATION NUMBER
Classification number 828/.809
100 1# - MAIN ENTRY--AUTHOR NAME
Personal name Marcovitch, Heather,
245 14 - TITLE STATEMENT
Title The art of the pose
260 ## - PUBLICATION, DISTRIBUTION, ETC. (IMPRINT)
Place of publication Bern ;
-- New York :
Name of publisher Peter Lang,
Year of publication 2010.
300 ## - PHYSICAL DESCRIPTION
Number of Pages 222 p.
650 #0 - SUBJECT ADDED ENTRY--TOPICAL TERM
Topical Term Self-presentation in literature.
Topical Term Self in literature.
Topical Term Identity (Philosophical concept) in literature.
Topical Term Persona (Psychoanalysis)
Topical Term Image (Philosophy)
856 40 - ELECTRONIC LOCATION AND ACCESS
Uniform Resource Identifier http://site.ebrary.com/lib/rucke/Doc?id=10589183

No items available.

© 2026 Rongo University
Contact us: librarian | system librarian | Rongo university